[Event "Medellin Feria de las Flores op"]
[Site "Medellin"]
[Date "2022.08.07"]
[Round "9"]
[White "Pena, Alcides"]
[Black "Mogollon Tobar, Nicolle Juliet"]
[Result "1/2-1/2"]
[WhiteElo "1576"]
[BlackElo "2025"]
[PlyCount "39"]
[EventDate "2022.08.03"]
[EventType "swiss"]
[EventRounds "9"]
[EventCountry "COL"]
[SourceTitle "CBM 209 Extra"]
[Source "ChessBase"]
[SourceDate "2022.09.30"]
[SourceVersion "1"]
[SourceVersionDate "2022.09.30"]
[SourceQuality "1"]

1. e4 e6 2. d4 d5 3. Nc3 Bb4 4. e5 b6 5. a3 Bf8 6. Nf3 Ba6 7. Bxa6 Nxa6 8. 0-0 c5 9. Bg5 Qd7 10. Re1 Ne7 11. Qe2 Nb8 12. Qb5 Nec6 13. Rad1 h6 14. Bc1 Be7 15. dxc5 bxc5 16. Ne4 a6 17. Qb6 Qa7 18. Qxa7 Rxa7 19. Nd6+ Bxd6 20. exd6 1/2-1/2

[Event "Medellin U2000 op"]
[Site "Medellin"]
[Date "2022.05.22"]
[Round "7"]
[White "Pena, Alcides"]
[Black "Ortiz Valencia, Sofia"]
[Result "1-0"]
[WhiteElo "1593"]
[BlackElo "1396"]
[PlyCount "31"]
[EventDate "2022.05.18"]
[EventType "swiss"]
[EventRounds "7"]
[EventCountry "COL"]
[SourceTitle "CBM 208 Extra"]
[Source "ChessBase"]
[SourceDate "2022.07.31"]
[SourceVersion "1"]
[SourceVersionDate "2022.07.31"]
[SourceQuality "1"]

1. e4 e5 2. Nf3 Nc6 3. Bb5 Bc5 4. c3 Nf6 5. d3 Bd6 6. 0-0 a6 7. Ba4 0-0 8. Re1 b5 9. Bb3 Be7 10. Nbd2 Bb7 11. Nf1 Re8 12. Ng3 d6 13. Ng5 Rf8 14. Nf5 h6 15. Nxf7 Qd7 16. Nxe5+ 1-0

[Event "Medellin U2000 op"]
[Site "Medellin"]
[Date "2022.05.20"]
[Round "3"]
[White "Ferrer, Carlos Mario"]
[Black "Pena, Alcides"]
[Result "0-1"]
[WhiteElo "1488"]
[BlackElo "1593"]
[PlyCount "58"]
[EventDate "2022.05.18"]
[EventType "swiss"]
[EventRounds "7"]
[EventCountry "COL"]
[SourceTitle "CBM 208 Extra"]
[Source "ChessBase"]
[SourceDate "2022.07.31"]
[SourceVersion "1"]
[SourceVersionDate "2022.07.31"]
[SourceQuality "1"]

1. e4 e5 2. Bc4 Nf6 3. d3 Bc5 4. Nf3 d6 5. h3 Nc6 6. c3 a6 7. Bxf7+ Kxf7 8. Ng5+ Kf8 9. Qb3 Qe7 10. Nf3 Bb6 11. 0-0 Be6 12. c4 h6 13. Nc3 Rb8 14. Be3 Nd4 15. Bxd4 Bxd4 16. Nxd4 exd4 17. Ne2 c5 18. Qd1 Kg8 19. Ng3 Kh7 20. f4 Rhf8 21. f5 Bf7 22. Qe2 b5 23. b3 bxc4 24. dxc4 Qe5 25. Qd3 a5 26. a4 Rfe8 27. Rae1 Rb4 28. Rb1 Reb8 29. Qd2 Qxg3 0-1

[Event "Feria de las Flores 28th"]
[Site "Medellin"]
[Date "2021.08.08"]
[Round "8"]
[White "Negron Lizarazo, Juan Sebastian"]
[Black "Pena, Alcides"]
[Result "1/2-1/2"]
[WhiteElo "1273"]
[BlackElo "1634"]
[PlyCount "54"]
[EventDate "2021.08.04"]
[EventType "swiss"]
[EventRounds "9"]
[EventCountry "COL"]
[SourceTitle "EXT 2022"]
[Source "ChessBase"]
[SourceDate "2021.10.06"]
[SourceVersion "1"]
[SourceVersionDate "2021.10.06"]
[SourceQuality "1"]

1. d4 d5 2. Nf3 Nf6 3. e3 e6 4. Bd3 Be7 5. Nbd2 0-0 6. 0-0 Nbd7 7. Qe2 c5 8. b3 b6 9. Bb2 Bb7 10. e4 dxe4 11. Nxe4 Nxe4 12. Bxe4 Bxe4 13. Qxe4 Nf6 14. Qe2 Qc7 15. h3 Rfd8 16. Rfd1 Qf4 17. Ne5 Rac8 18. dxc5 Bxc5 19. Nd3 Qe4 20. Qxe4 Nxe4 21. Nxc5 Nxc5 22. Rd4 Rxd4 23. Bxd4 Ne4 24. c4 Rd8 25. Be3 f6 26. Rc1 Kf7 27. f3 Ng3 1/2-1/2

[Event "Medellin Antioquia 2nd League"]
[Site "Medellin"]
[Date "2021.??.??"]
[Round "1"]
[White "Duque Munera, Emanuel"]
[Black "Pena, Alcides"]
[Result "1-0"]
[WhiteElo "1523"]
[BlackElo "1604"]
[PlyCount "65"]
[EventDate "2021.08.31"]
[EventType "swiss"]
[EventRounds "7"]
[EventCountry "COL"]
[SourceTitle "CBM 204 Extra"]
[Source "ChessBase"]
[SourceDate "2021.11.30"]
[SourceVersion "1"]
[SourceVersionDate "2021.11.30"]
[SourceQuality "1"]

1. d4 d5 2. Bf4 Nf6 3. e3 e6 4. Nf3 Bd6 5. Bxd6 Qxd6 6. c4 c5 7. dxc5 Qxc5 8. Nc3 dxc4 9. Qa4+ Nbd7 10. Qxc4 0-0 11. Rc1 b6 12. b4 Qxc4 13. Bxc4 Bb7 14. Nb5 Bxf3 15. gxf3 Rfc8 16. Ke2 Rc6 17. Nd4 Rc7 18. Nb5 Rc6 19. Nd4 Rc7 20. Nb5 Rc6 21. Nd4 Rcc8 22. b5 Rc5 23. Bd3 Rac8 24. Nc6 Kf8 25. Bc4 Rc7 26. Rhd1 Nd5 27. Bxd5 Rxd5 28. Rxd5 exd5 29. Rd1 Nf6 30. e4 Rd7 31. Nb8 Rd8 32. Nc6 Re8 33. e5 1-0

[Event "Medellin Aristizabal Cup"]
[Site "Medellin"]
[Date "2020.11.22"]
[Round "6"]
[White "Pena, Alcides"]
[Black "Ortiz Lopera, Miguel Angel"]
[Result "0-1"]
[WhiteElo "1688"]
[BlackElo "1359"]
[PlyCount "84"]
[EventDate "2020.11.18"]
[EventType "swiss"]
[EventRounds "7"]
[EventCountry "COL"]
[SourceTitle "CBM 199 Extra"]
[Source "ChessBase"]
[SourceDate "2021.01.31"]
[SourceVersion "1"]
[SourceVersionDate "2021.01.31"]
[SourceQuality "1"]

1. e4 e5 2. Nf3 Nc6 3. Bb5 a6 4. Ba4 b5 5. Bb3 Nf6 6. d3 Be7 7. 0-0 d6 8. c3 Be6 9. Bc2 0-0 10. Re1 h6 11. Nbd2 Qd7 12. h3 Nh7 13. d4 exd4 14. cxd4 d5 15. Nf1 Rad8 16. Be3 Nb4 17. Ne5 Qd6 18. Ng3 c5 19. Nf5 Bxf5 20. exf5 Bf6 21. f4 cxd4 22. Bxd4 Rc8 23. Bb3 Nc6 24. Nxc6 Qxc6 25. Be5 Rfd8 26. Re2 Qb6+ 27. Kh1 d4 28. Qd3 Rd7 29. Rd1 Rcd8 30. Rc1 a5 31. a3 a4 32. Ba2 b4 33. axb4 Qxb4 34. Rec2 Qe7 35. Rc5 Nf8 36. Bc4 Rb7 37. Rc2 Nd7 38. Ra5 Bxe5 39. fxe5 Nxe5 40. Qd1 d3 41. Rc3 Nxc4 42. Rxc4 d2 0-1

[Event "Medellin Aristizabal Cup"]
[Site "Medellin"]
[Date "2020.11.21"]
[Round "5"]
[White "Lucio Pinzon, Santiago"]
[Black "Pena, Alcides"]
[Result "0-1"]
[WhiteElo "1263"]
[BlackElo "1688"]
[PlyCount "46"]
[EventDate "2020.11.18"]
[EventType "swiss"]
[EventRounds "7"]
[EventCountry "COL"]
[SourceTitle "CBM 199 Extra"]
[Source "ChessBase"]
[SourceDate "2021.01.31"]
[SourceVersion "1"]
[SourceVersionDate "2021.01.31"]
[SourceQuality "1"]

1. e4 e5 2. Nf3 Nc6 3. Bc4 Bc5 4. b4 Bxb4 5. c3 Ba5 6. Qb3 Qe7 7. Ba3 d6 8. 0-0 Nf6 9. d3 0-0 10. Nbd2 Bb6 11. Qc2 a6 12. Nb3 Be6 13. Nbd2 Bxc4 14. Nxc4 Ba7 15. Rab1 b5 16. Ncd2 h6 17. c4 Rfb8 18. cxb5 Nd4 19. Nxd4 Bxd4 20. bxa6 Rxb1 21. Rxb1 Ng4 22. Nf3 Bxf2+ 23. Kf1 Ne3+ 0-1

[Event "Medellin Castro Memorial 36th"]
[Site "Medellin"]
[Date "2019.08.09"]
[Round "5"]
[White "Pena, Alcides"]
[Black "Pai, Juan David"]
[Result "0-1"]
[WhiteElo "1744"]
[BlackElo "2111"]
[PlyCount "82"]
[EventDate "2019.08.07"]
[EventType "swiss"]
[EventRounds "9"]
[EventCountry "COL"]
[SourceTitle "EXT 2020"]
[Source "ChessBase"]
[SourceDate "2019.10.17"]
[SourceVersion "1"]
[SourceVersionDate "2019.10.17"]
[SourceQuality "1"]

1. d4 Nf6 2. c4 e6 3. Nf3 d5 4. Bg5 h6 5. Bh4 Be7 6. Nc3 0-0 7. e3 b6 8. Bd3 Bb7 9. 0-0 Nbd7 10. Rc1 c5 11. Qe2 a6 12. Rfd1 dxc4 13. Bxc4 b5 14. Bb3 Qb6 15. a3 Rac8 16. Bc2 cxd4 17. Nxd4 Rc5 18. Ndxb5 Qc6 19. Ne4 axb5 20. f3 g5 21. Nxc5 Nxc5 22. b4 gxh4 23. bxc5 Bxc5 24. Rd3 Qb6 25. Rcd1 Ra8 26. Kh1 Rxa3 27. e4 Rxd3 28. Qxd3 e5 29. Bb3 Bd4 30. Ba2 Ne8 31. f4 Nd6 32. fxe5 Bxe5 33. Qh3 Qf2 34. Qg4+ Kf8 35. Bb1 Bc8 36. Qh5 Qf4 37. g3 hxg3 38. hxg3 Qxg3 39. Qxh6+ Ke7 40. Rg1 Qf3+ 41. Rg2 Bh3 0-1

[Event "Medellin Aristizabal Cup"]
[Site "Medellin"]
[Date "2019.01.24"]
[Round "2"]
[White "Pena, Alcides"]
[Black "Rincon, Libardo"]
[Result "1-0"]
[WhiteElo "1741"]
[BlackElo "1609"]
[PlyCount "87"]
[EventDate "2019.01.24"]
[EventType "swiss"]
[EventRounds "7"]
[EventCountry "COL"]
[SourceTitle "EXT 2020"]
[Source "ChessBase"]
[SourceDate "2019.10.17"]
[SourceVersion "1"]
[SourceVersionDate "2019.10.17"]
[SourceQuality "1"]

1. d4 e6 2. c4 Nf6 3. Nc3 c6 4. e4 Bb4 5. Bd3 d5 6. e5 Nfd7 7. Nge2 Ba5 8. 0-0 Bc7 9. f4 dxc4 10. Bxc4 Nb6 11. Bb3 Nd5 12. a3 0-0 13. Bc2 Re8 14. Qd3 f5 15. Qh3 Ne7 16. g4 g6 17. Rf3 Kg7 18. g5 Ng8 19. Rg3 Nd7 20. Be3 Nf8 21. Kf2 b6 22. Qg2 Bb7 23. h4 Kf7 24. Rg1 Ke7 25. Qh2 Kd7 26. h5 Re7 27. hxg6 Nxg6 28. Rh3 Nf8 29. Ng3 Rf7 30. Nh5 Qe8 31. Nf6+ Nxf6 32. gxf6 Rd8 33. Bd1 Kc8 34. Bh5 Rdd7 35. Bxf7 Rxf7 36. Rg8 Qd8 37. Rhg3 c5 38. R3g7 cxd4 39. Rxf7 dxe3+ 40. Ke1 Qd4 41. Rgxf8+ Bd8 42. Nb5 Qc5 43. Nd6+ Kb8 44. Rxb7+ 1-0

[Event "Medellin Flores op 25th"]
[Site "Medellin"]
[Date "2018.08.07"]
[Round "9"]
[White "Florez, Santiago"]
[Black "Pena, Alcides"]
[Result "1-0"]
[WhiteElo "1715"]
[BlackElo "1763"]
[PlyCount "71"]
[EventDate "2018.08.03"]
[EventType "swiss"]
[EventRounds "9"]
[EventCountry "COL"]
[SourceTitle "CBM 185 Extra"]
[Source "ChessBase"]
[SourceDate "2018.07.29"]
[SourceVersion "1"]
[SourceVersionDate "2018.07.29"]
[SourceQuality "1"]

1. f4 d5 2. Nf3 c5 3. e3 Nc6 4. b3 Nf6 5. Bb2 e6 6. Bb5 Bd7 7. Bxc6 bxc6 8. d3 Be7 9. c4 0-0 10. 0-0 a5 11. Nc3 Qb6 12. Na4 Qb7 13. h3 Be8 14. Ba3 Nd7 15. Ne5 Nxe5 16. fxe5 Qa7 17. Qg4 Bd7 18. d4 Qc7 19. Bxc5 Qd8 20. Bxe7 Qxe7 21. Nb6 Rad8 22. c5 Kh8 23. Rf3 f5 24. exf6 gxf6 25. Raf1 f5 26. Qf4 Be8 27. Qe5+ Qf6 28. Qxf6+ Rxf6 29. Kh2 h5 30. g4 hxg4 31. hxg4 Rh6+ 32. Rh3 Rxh3+ 33. Kxh3 Bg6 34. Rh1 Kg7 35. Kg3 fxg4 36. Kxg4 1-0

[Event "Medellin Flores op 25th"]
[Site "Medellin"]
[Date "2018.08.06"]
[Round "7"]
[White "Pena, Alcides"]
[Black "Varela, Maria de los Angele"]
[Result "1-0"]
[WhiteElo "1763"]
[BlackElo "1800"]
[PlyCount "73"]
[EventDate "2018.08.03"]
[EventType "swiss"]
[EventRounds "9"]
[EventCountry "COL"]
[SourceTitle "CBM 185 Extra"]
[Source "ChessBase"]
[SourceDate "2018.07.29"]
[SourceVersion "1"]
[SourceVersionDate "2018.07.29"]
[SourceQuality "1"]

1. d4 Nf6 2. c4 g6 3. Nc3 Bg7 4. e4 d6 5. f4 0-0 6. Nf3 c5 7. d5 e6 8. Be2 exd5 9. cxd5 Re8 10. e5 dxe5 11. fxe5 Ng4 12. e6 fxe6 13. 0-0 Qb6 14. Bc4 Bd7 15. h3 Nf6 16. Re1 Na6 17. Ne5 Rad8 18. Nxd7 Rxd7 19. Qf3 Nc7 20. dxe6 Nxe6 21. Bg5 Rf7 22. Bxf6 Bxf6 23. Qd5 Rfe7 24. Rxe6 Bd4+ 25. Kh1 Rxe6 26. Re1 Qxb2 27. Rxe6 Rxe6 28. Qxe6+ Kg7 29. Qf7+ Kh6 30. Qf8+ Bg7 31. Qf4+ g5 32. Qd6+ Kh5 33. Be2+ Kh4 34. g3+ Kxh3 35. Qd7+ Kxg3 36. Qg4+ Kf2 37. Nd1+ 1-0

[Event "Medellin Flores op 25th"]
[Site "Medellin"]
[Date "2018.08.05"]
[Round "5"]
[White "Chavez Duero, Brayan Steven"]
[Black "Pena, Alcides"]
[Result "1-0"]
[WhiteElo "1874"]
[BlackElo "1763"]
[PlyCount "39"]
[EventDate "2018.08.03"]
[EventType "swiss"]
[EventRounds "9"]
[EventCountry "COL"]
[SourceTitle "CBM 185 Extra"]
[Source "ChessBase"]
[SourceDate "2018.07.29"]
[SourceVersion "1"]
[SourceVersionDate "2018.07.29"]
[SourceQuality "1"]

1. e4 e5 2. Nf3 Nc6 3. Bc4 Bc5 4. 0-0 d6 5. c3 Nf6 6. Re1 Bg4 7. d3 h6 8. h3 Bh5 9. a4 a6 10. Nbd2 Qd7 11. Nf1 Ne7 12. Ng3 Bg6 13. Qb3 c6 14. d4 exd4 15. cxd4 Ba7 16. e5 d5 17. exf6 dxc4 18. fxg7 Rg8 19. Qxc4 0-0-0 20. Bxh6 1-0

[Event "Medellin Aristizabal Cup"]
[Site "Medellin"]
[Date "2018.07.08"]
[Round "7"]
[White "Varela, Maria de los Angele"]
[Black "Pena, Alcides"]
[Result "1/2-1/2"]
[WhiteElo "1880"]
[BlackElo "1747"]
[PlyCount "82"]
[EventDate "2018.07.04"]
[EventType "swiss"]
[EventRounds "7"]
[EventCountry "COL"]
[SourceTitle "CBM 185 Extra"]
[Source "ChessBase"]
[SourceDate "2018.07.29"]
[SourceVersion "1"]
[SourceVersionDate "2018.07.29"]
[SourceQuality "1"]

1. e4 e5 2. Nf3 Nc6 3. Bc4 Bc5 4. c3 Nf6 5. d3 d6 6. Nbd2 a6 7. Bb3 Be6 8. h3 h6 9. Bc2 Ne7 10. Nh4 c6 11. g4 g5 12. Nf5 Nxf5 13. gxf5 Bd7 14. Nb3 Ba7 15. d4 Qc7 16. Be3 d5 17. Nd2 exd4 18. cxd4 dxe4 19. Nxe4 Nxe4 20. Bxe4 0-0-0 21. Qc2 Kb8 22. 0-0-0 Rhe8 23. h4 f6 24. hxg5 hxg5 25. Rh6 Qd6 26. Bxg5 Bxd4 27. Kb1 Qb4 28. Bf4+ Ka8 29. f3 c5 30. Rh7 Rxe4 31. Rxd7 Rxd7 32. fxe4 Rg7 33. Bd2 Qb5 34. a4 Qc6 35. Bb4 Qb6 36. Rxd4 cxb4 37. Qd1 b3 38. a5 Qxa5 39. Qxb3 Qe1+ 40. Ka2 Rg1 41. Qc2 Qa5+ 1/2-1/2

[Event "COL-ch sf"]
[Site "Medellin"]
[Date "2018.03.15"]
[Round "3"]
[White "Pena, Alcides"]
[Black "Torres Rojas, Yuber Andres"]
[Result "0-1"]
[WhiteElo "1767"]
[BlackElo "2071"]
[PlyCount "32"]
[EventDate "2018.03.14"]
[EventType "swiss"]
[EventRounds "10"]
[EventCountry "COL"]
[SourceTitle "CBM 183 Extra"]
[Source "ChessBase"]
[SourceDate "2018.04.19"]
[SourceVersion "1"]
[SourceVersionDate "2018.04.19"]
[SourceQuality "1"]

1. d4 d6 2. Bf4 g6 3. e3 Bg7 4. h3 Nd7 5. Nf3 Ngf6 6. Be2 0-0 7. 0-0 b6 8. Nbd2 Bb7 9. a3 Re8 10. Rc1 e5 11. Bh2 e4 12. Ne1 d5 13. c3 c5 14. c4 Rc8 15. Nc2 cxd4 16. Nxd4 a6 0-1

[Event "Medellin Conconcreto op"]
[Site "Medellin"]
[Date "2018.01.28"]
[Round "6"]
[White "Pena, Alcides"]
[Black "Zabala, Fidel"]
[Result "0-1"]
[WhiteElo "1760"]
[BlackElo "1966"]
[PlyCount "68"]
[EventDate "2018.01.24"]
[EventType "swiss"]
[EventRounds "7"]
[EventCountry "COL"]
[SourceTitle "CBM 182 Extra"]
[Source "ChessBase"]
[SourceDate "2018.02.23"]
[SourceVersion "1"]
[SourceVersionDate "2018.02.23"]
[SourceQuality "1"]

1. d4 Nf6 2. Bf4 d6 3. Nc3 g6 4. Qd2 h5 5. h3 Bg7 6. Nf3 Nbd7 7. 0-0-0 c5 8. e3 cxd4 9. exd4 Nb6 10. Bd3 Nbd5 11. Bg5 Bd7 12. Rhe1 Nxc3 13. Qxc3 0-0 14. Qd2 Re8 15. Kb1 Bc6 16. Nh4 Nh7 17. Bh6 e5 18. g3 e4 19. Bc4 d5 20. Bf1 Bf6 21. Ng2 Bg5 22. Bxg5 Nxg5 23. Nh4 Qf6 24. Re3 Rac8 25. Rde1 Ba4 26. b3 Bd7 27. Bg2 Ne6 28. Bxe4 dxe4 29. Rxe4 Nxd4 30. Rxe8+ Bxe8 31. Re4 Nxc2 32. Rxe8+ Kg7 33. Rxc8 Na3+ 34. Kc1 Qa1# 0-1

[Event "Medellin Conconcreto op"]
[Site "Medellin"]
[Date "2018.01.24"]
[Round "1"]
[White "Pena, Alcides"]
[Black "Laverde, Luis Eduardo"]
[Result "0-1"]
[WhiteElo "1760"]
[BlackElo "2040"]
[PlyCount "78"]
[EventDate "2018.01.24"]
[EventType "swiss"]
[EventRounds "7"]
[EventCountry "COL"]
[SourceTitle "CBM 182 Extra"]
[Source "ChessBase"]
[SourceDate "2018.02.23"]
[SourceVersion "1"]
[SourceVersionDate "2018.02.23"]
[SourceQuality "1"]

1. d4 Nf6 2. c4 c5 3. d5 e6 4. Nc3 exd5 5. cxd5 d6 6. e4 Be7 7. Nf3 0-0 8. Bd3 Re8 9. 0-0 Bg4 10. Re1 Nbd7 11. Bd2 a6 12. a4 Bf8 13. Re3 Ne5 14. Be2 Ng6 15. h3 Bd7 16. Nh2 Qc7 17. Rb1 b5 18. axb5 axb5 19. Bxb5 Nxe4 20. Bxd7 Nxc3 21. Bxc3 Qxd7 22. Qd2 Rxe3 23. fxe3 Qf5 24. Rf1 Qe4 25. Ng4 Re8 26. Rf3 Be7 27. Nf2 Qb1+ 28. Kh2 Bg5 29. Nd3 Nh4 30. Rg3 h6 31. Ne1 Nf5 32. Rf3 Rxe3 33. Rxe3 Nxe3 34. Qe2 Qe4 35. Qf3 Qxd5 36. Qxd5 Nxd5 37. Nf3 Nxc3 38. bxc3 d5 39. Kg3 Bf6 0-1